| 000 | 00556nam a2200133 a 4500 | ||
|---|---|---|---|
| 008 | 081113s2007 ||||||||||||||||| || u | ||
| 050 | _aUN-ESCWA(02) | ||
| 110 | _aUnited Nations Economic and Social Affairs (UNESA) | ||
| 245 | 1 | 0 | _aModels for cyber legislation in ESCWA member countries |
| 260 |
_aNew York _bUNITED NATIONS _c2007 |
||
| 300 | _av, 51p. :ill | ||
| 350 | _a0.00 | ||
| 995 |
_D0.00 _FCBU-MAIN LIBRARY (Kitwe) _H1 _I0.00 _M1 _UAVAILABLE _WNov 19, 2008 _ZInternational Publications |
||
| 999 |
_c51393 _d51393 |
||